| Tag |
First Indicator |
Second Indicator |
Subfields |
| LEADER |
00000cam a2200000 a 4500 |
| 001 |
in00000750708 |
| 005 |
20151016085926.0 |
| 008 |
880328s1988 si a b 00100 eng |
| 010 |
|
|
|a 88010704
|
| 020 |
|
|
|a 997150412X
|
| 020 |
|
|
|a 9971504626 (pbk.)
|
| 035 |
|
|
|a (OCoLC)17806158
|
| 035 |
|
|
|9 ADH2310AM
|
| 040 |
|
|
|a DLC
|c DLC
|d TXA
|d UtOrBLW
|
| 049 |
|
|
|a TXAM
|c [A11157639]
|
| 050 |
0 |
0 |
|a QC882
|b .O66 1988
|
| 082 |
0 |
|
|a 535/.3
|2 19
|
| 245 |
0 |
0 |
|a Optical effects associated with small particles /
|c edited by P.W. Barber, R.K. Chang.
|
| 264 |
|
1 |
|a Singapore ;
|a Teaneck, NJ, USA :
|b World Scientific,
|c [1988]
|
| 264 |
|
4 |
|c ©1988
|
| 300 |
|
|
|a xx, 336 pages :
|b illustrations ;
|c 23 cm.
|
| 336 |
|
|
|a text
|b txt
|2 rdacontent
|
| 337 |
|
|
|a unmediated
|b n
|2 rdamedia
|
| 338 |
|
|
|a volume
|b nc
|2 rdacarrier
|
| 490 |
1 |
|
|a Advanced series in applied physics ;
|v v. 1
|
| 504 |
|
|
|a Includes bibliographies and index.
|
| 505 |
0 |
|
|a Morphology-dependent resonances / Steven C. Hill and Robert E. Benner -- Spectrocopy of single levitated micron sized particles / Stephen Arnold -- Absorption and fluorescence spectrocopy of aerosols / Anthony J. Campillo and Horn-Bond Lin -- Laser-induced droplet heating / Robert L. Armstrong -- The applicability of bulk optical constants to small particles / Donald R. Huffman.
|
| 650 |
|
0 |
|a Particles
|x Optical properties.
|
| 650 |
|
0 |
|a Aerosols
|x Optical properties.
|
| 650 |
|
0 |
|a Surface chemistry.
|
| 650 |
|
0 |
|a Optical resonance.
|
| 700 |
1 |
|
|a Barber, P. W.
|q (Peter W.)
|
| 700 |
1 |
|
|a Chang, Richard K.
|q (Richard Kounai),
|d 1940-
|
| 830 |
|
0 |
|a Advanced series in applied physics ;
|v v. 1.
|
| 999 |
|
|
|a MARS
|
| 999 |
f |
f |
|s f5474c89-d1d4-31ca-8bd9-f8b8e2b19769
|i c5084f33-02fb-316b-9165-7407402595c8
|t 0
|
| 952 |
f |
f |
|p normal
|a Texas A&M University
|b College Station
|c Sterling C. Evans Library
|s Evans stk
|d Evans: Library Stacks
|t 0
|e QC882 .O66 1988
|h Library of Congress classification
|i unmediated -- volume
|m A14811157639
|
| 998 |
f |
f |
|a QC882 .O66 1988
|t 0
|l Evans: Library Stacks
|